[Event "418 Stay Safe Play From Home series"]
[Site "Emanuel Lasker Arena"]
[Date "2020.08.28"]
[Round "9"]
[White "IceQueen"]
[Black "TheCHESSHOUSE"]
[Result "1-0"]
[WhiteElo "2377"]
[BlackElo "2009"]
[PlyCount "79"]
[EventDate "2020.08.28"]
[EventType "swiss (blitz)"]

1. e4 {[%emt 0:00:01]} c5 {[%emt 0:00:02]} 2. Nc3 {[%emt 0:00:00]} d6 {[%emt 0:00:01]} 3. Nf3 {[%emt 0:00:00]} Nc6 {[%emt 0:00:01]} 4. Bb5 {[%emt 0:00:00]} Bd7 {[%emt 0:00:02]} 5. O-O {[%emt 0:00:01]} Nf6 {[%emt 0:00:01]} 6. d3 {[%emt 0:00:00]} g6 {[%emt 0:00:01]} 7. Re1 {[%emt 0:00:02]} Bg7 {[%emt 0:00:00]} 8. Bg5 {[%emt 0:00:01]} O-O {[%emt 0:00:00]} 9. Qd2 {[%emt 0:00:01]} a6 {[%emt 0:00:01]} 10. Bxc6 {[%emt 0:00:01]} Bxc6 {[%emt 0:00:00]} 11. Bh6 {[%emt 0:00:01]} Nd7 {[%emt 0:00:02]} 12. Bxg7 {[%emt 0:00:01]} Kxg7 {[%emt 0:00:00]} 13. d4 {[%emt 0:00:00]} cxd4 {[%emt 0:00:01]} 14. Nxd4 {[%emt 0:00:00]} e5 {[%emt 0:00:01]} 15. Nxc6 {[%emt 0:00:01]} bxc6 {[%emt 0:00:00]} 16. Qxd6 {[%emt 0:00:01]} Re8 {[%emt 0:00:06]} 17. Rad1 {[%emt 0:00:02]} Nf6 {[%emt 0:00:02]} 18. Qxc6 {[%emt 0:00:01]} Qa5 {[%emt 0:00:01]} 19. a3 {[%emt 0:00:07]} Rab8 {[%emt 0:00:01]} 20. Nd5 {[%emt 0:00:04]} Re6 {[%emt 0:00:05]} 21. Qc4 {[%emt 0:00:06]} Rxb2 {[%emt 0:00:03]} 22. Nxf6 {[%emt 0:00:01]} Rxf6 {[%emt 0:00:01]} 23. Qd3 {[%emt 0:00:04]} Qc5 {[%emt 0:00:03]} 24. Re2 {[%emt 0:00:02]} a5 {[%emt 0:00:02]} 25. h4 {[%emt 0:00:01]} h5 {[%emt 0:00:01]} 26. g3 {[%emt 0:00:01]} a4 {[%emt 0:00:01]} 27. Kg2 {[%emt 0:00:00]} Ra2 {[%emt 0:00:01]} 28. Qd5 {[%emt 0:00:02]} Qxa3 {[%emt 0:00:02]} 29. Qxe5 {[%emt 0:00:01]} Qb2 {[%emt 0:00:04]} 30. Qd5 {[%emt 0:00:02]} Re6 {[%emt 0:00:02]} 31. e5 {[%emt 0:00:01]} a3 {[%emt 0:00:02]} 32. Rd3 {[%emt 0:00:01]} Qb1 {[%emt 0:00:01]} 33. Rf3 {[%emt 0:00:01]} Rxc2 {[%emt 0:00:01]} 34. Qd7 {[%emt 0:00:01]} Qf1+ {[%emt 0:00:06]} 35. Kxf1 {[%emt 0:00:01]} Re7 {[%emt 0:00:00]} 36. Qxe7 {[%emt 0:00:01]} Rc1+ {[%emt 0:00:00]} 37. Re1 {[%emt 0:00:00]} Rxe1+ {[%emt 0:00:02]} 38. Kxe1 {[%emt 0:00:00]} Kh6 {[%emt 0:00:00]} 39. Qxf7 {[%emt 0:00:00]} a2 {[%emt 0:00:01]} 40. Qf8+ {[%emt 0:00:00] ' ' '} 1-0

[Event "418 Stay Safe Play From Home series"]
[Site "Emanuel Lasker Arena"]
[Date "2020.08.28"]
[Round "9"]
[White "Nguyen Hong Anh"]
[Black "Klasman"]
[Result "1-0"]
[WhiteElo "2224"]
[BlackElo "1256"]
[PlyCount "69"]
[EventDate "2020.08.28"]
[EventType "swiss (blitz)"]

1. d4 {[%emt 0:00:01]} f5 {[%emt 0:00:01]} 2. c4 {[%emt 0:00:01]} Nf6 {[%emt 0:00:01]} 3. g3 {[%emt 0:00:00]} e6 {[%emt 0:00:01]} 4. Bg2 {[%emt 0:00:00]} d5 {[%emt 0:00:01]} 5. Nf3 {[%emt 0:00:00]} c5 {[%emt 0:00:01]} 6. O-O {[%emt 0:00:00]} cxd4 {[%emt 0:00:01]} 7. Nxd4 {[%emt 0:00:01]} Nc6 {[%emt 0:00:01]} 8. cxd5 {[%emt 0:00:01]} Nxd4 {[%emt 0:00:02]} 9. Qxd4 {[%emt 0:00:01]} Nxd5 {[%emt 0:00:02]} 10. Nc3 {[%emt 0:00:01]} Qb6 {[%emt 0:00:02]} 11. Qxb6 {[%emt 0:00:02]} axb6 {[%emt 0:00:02]} 12. Nxd5 {[%emt 0:00:01]} exd5 {[%emt 0:00:02]} 13. Bxd5 {[%emt 0:00:00]} Bc5 {[%emt 0:00:02]} 14. Bf4 {[%emt 0:00:02]} Ke7 {[%emt 0:00:04]} 15. a3 {[%emt 0:00:01]} Be6 {[%emt 0:00:02]} 16. Bxb7 {[%emt 0:00:02]} Rad8 {[%emt 0:00:05]} 17. b4 {[%emt 0:00:00]} Bd6 {[%emt 0:00:04]} 18. Bxd6+ {[%emt 0:00:02]} Rxd6 {[%emt 0:00:01]} 19. Rac1 {[%emt 0:00:00]} Rhd8 {[%emt 0:00:02]} 20. Rc7+ {[%emt 0:00:02]} Kf6 {[%emt 0:00:01]} 21. Rfc1 {[%emt 0:00:00]} h5 {[%emt 0:00:03]} 22. Bf3 {[%emt 0:00:00]} h4 {[%emt 0:00:01]} 23. Kg2 {[%emt 0:00:01]} h3+ {[%emt 0:00:02]} 24. Kxh3 {[%emt 0:00:01]} f4+ {[%emt 0:00:01]} 25. Kg2 {[%emt 0:00:00]} fxg3 {[%emt 0:00:01]} 26. hxg3 {[%emt 0:00:00]} Rh8 {[%emt 0:00:02]} 27. Rh1 {[%emt 0:00:02]} Rhd8 {[%emt 0:00:04]} 28. Rh4 {[%emt 0:00:02]} g5 {[%emt 0:00:03]} 29. Rh6+ {[%emt 0:00:01]} Ke5 {[%emt 0:00:01]} 30. Rg6 {[%emt 0:00:01]} Bd5 {[%emt 0:00:05]} 31. Rxg5+ {[%emt 0:00:01]} Kf6 {[%emt 0:00:01]} 32. Rxd5 {[%emt 0:00:00]} Rxd5 {[%emt 0:00:01]} 33. Bxd5 {[%emt 0:00:00]} Rxd5 {[%emt 0:00:01]} 34. e4 {[%emt 0:00:00]} Rd2 {[%emt 0:00:01]} 35. Rc6+ {[%emt 0:00:02] Time Time Time (Lag: Av=0.63s, max=0.8s) (Lag: Av=0.63s, max=0.8s) (Lag: Av=0.63s, max=0.8s)} 1-0

[Event "418 Stay Safe Play From Home series"]
[Site "Emanuel Lasker Arena"]
[Date "2020.08.28"]
[Round "9"]
[White "Lazieri3"]
[Black "Tran Minh Thang"]
[Result "0-1"]
[WhiteElo "2045"]
[BlackElo "2513"]
[PlyCount "110"]
[EventDate "2020.08.28"]
[EventType "swiss (blitz)"]

1. e4 {[%emt 0:00:01]} c5 {[%emt 0:00:01]} 2. Nc3 {[%emt 0:00:00]} a6 {[%emt 0:00:01]} 3. d3 {[%emt 0:00:00]} e6 {[%emt 0:00:02]} 4. Nf3 {[%emt 0:00:00]} b5 {[%emt 0:00:00]} 5. Bg5 {[%emt 0:00:02]} Be7 {[%emt 0:00:00]} 6. Bxe7 {[%emt 0:00:01]} Nxe7 {[%emt 0:00:00]} 7. g3 {[%emt 0:00:00]} Bb7 {[%emt 0:00:00]} 8. Bg2 {[%emt 0:00:00]} d5 {[%emt 0:00:00]} 9. exd5 {[%emt 0:00:01]} Nxd5 {[%emt 0:00:00]} 10. Nxd5 {[%emt 0:00:01]} Bxd5 {[%emt 0:00:01]} 11. O-O {[%emt 0:00:00]} O-O {[%emt 0:00:01]} 12. a3 {[%emt 0:00:01]} Nc6 {[%emt 0:00:01]} 13. Re1 {[%emt 0:00:00]} Qf6 {[%emt 0:00:02]} 14. c3 {[%emt 0:00:02]} Rfd8 {[%emt 0:00:01]} 15. d4 {[%emt 0:00:01]} cxd4 {[%emt 0:00:03]} 16. Nxd4 {[%emt 0:00:00]} Bxg2 {[%emt 0:00:01]} 17. Kxg2 {[%emt 0:00:02]} Nxd4 {[%emt 0:00:00]} 18. cxd4 {[%emt 0:00:01]} Rxd4 {[%emt 0:00:02]} 19. Qe2 {[%emt 0:00:02]} Rad8 {[%emt 0:00:01]} 20. Rad1 {[%emt 0:00:01]} g6 {[%emt 0:00:01]} 21. Rxd4 {[%emt 0:00:01]} Qxd4 {[%emt 0:00:00]} 22. b4 {[%emt 0:00:03]} Qd5+ {[%emt 0:00:02]} 23. Kg1 {[%emt 0:00:04]} Kg7 {[%emt 0:00:01]} 24. Rc1 {[%emt 0:00:03]} Rd7 {[%emt 0:00:01]} 25. Qb2+ {[%emt 0:00:01]} Qd4 {[%emt 0:00:01]} 26. Qxd4+ {[%emt 0:00:01]} Rxd4 {[%emt 0:00:00]} 27. Rc6 {[%emt 0:00:01]} a5 {[%emt 0:00:01]} 28. bxa5 {[%emt 0:00:03]} Ra4 {[%emt 0:00:00]} 29. a6 {[%emt 0:00:01]} Rxa3 {[%emt 0:00:00]} 30. Rb6 {[%emt 0:00:01]} b4 {[%emt 0:00:01]} 31. Rxb4 {[%emt 0:00:01]} Rxa6 {[%emt 0:00:01]} 32. Rb7 {[%emt 0:00:00]} g5 {[%emt 0:00:01]} 33. h4 {[%emt 0:00:00]} g4 {[%emt 0:00:00]} 34. Rb4 {[%emt 0:00:02]} h5 {[%emt 0:00:01]} 35. Rb7 {[%emt 0:00:01]} Kf6 {[%emt 0:00:01]} 36. Kg2 {[%emt 0:00:00]} Ra1 {[%emt 0:00:01]} 37. Rb8 {[%emt 0:00:00]} e5 {[%emt 0:00:02]} 38. Rh8 {[%emt 0:00:00]} Kg6 {[%emt 0:00:01]} 39. Rg8+ {[%emt 0:00:01]} Kh6 {[%emt 0:00:01]} 40. Re8 {[%emt 0:00:00]} f6 {[%emt 0:00:02]} 41. Rh8+ {[%emt 0:00:00]} Kg6 {[%emt 0:00:00]} 42. Rg8+ {[%emt 0:00:01]} Kh7 {[%emt 0:00:01]} 43. Rf8 {[%emt 0:00:01]} Kg7 {[%emt 0:00:00]} 44. Re8 {[%emt 0:00:01]} Ra2 {[%emt 0:00:04]} 45. Re7+ {[%emt 0:00:01]} Kg6 {[%emt 0:00:00]} 46. Re8 {[%emt 0:00:01]} Kf5 {[%emt 0:00:00]} 47. Rh8 {[%emt 0:00:01]} e4 {[%emt 0:00:00]} 48. Rxh5+ {[%emt 0:00:01]} Kg6 {[%emt 0:00:00]} 49. Rb5 {[%emt 0:00:06]} e3 {[%emt 0:00:00]} 50. Rb4 {[%emt 0:00:01]} Rxf2+ {[%emt 0:00:03]} 51. Kg1 {[%emt 0:00:01]} Kf5 {[%emt 0:00:00]} 52. Rb3 {[%emt 0:00:03]} Rf3 {[%emt 0:00:01]} 53. Kg2 {[%emt 0:00:01]} e2 {[%emt 0:00:03]} 54. Rxf3+ {[%emt 0:00:02]} gxf3+ {[%emt 0:00:00]} 55. Kf2 {[%emt 0:00:00]} Kg4 {[%emt 0:00:00] Time Time Time (Lag: Av=0.72s, max=1.0s) (Lag: Av=0.72s, max=1.0s) (Lag: Av=0.72s, max=1.0s)} 0-1

[Event "418 Stay Safe Play From Home series"]
[Site "Emanuel Lasker Arena"]
[Date "2020.08.28"]
[Round "9"]
[White "Fischer_11"]
[Black "AChessPlayer"]
[Result "0-1"]
[WhiteElo "2044"]
[BlackElo "2386"]
[Annotator "NA"]
[PlyCount "50"]
[EventDate "2020.08.28"]
[EventType "swiss (blitz)"]

1. e4 {[%emt 0:00:03]} c6 {[%emt 0:00:01]} 2. d4 {[%emt 0:00:01]} g6 {[%emt 0:00:00]} 3. c4 {[%emt 0:00:01]} Bg7 {[%emt 0:00:00]} 4. Nc3 {[%emt 0:00:00]} d6 {[%emt 0:00:01]} 5. Bg5 {[%emt 0:00:00]} h6 {[%emt 0:00:01]} 6. Bh4 {[%emt 0:00:01]} Qb6 {[%emt 0:00:00]} 7. Qd2 {[%emt 0:00:01]} Qxd4 {[%emt 0:00:01]} 8. O-O-O {[%emt 0:00:01]} Qxd2+ {[%emt 0:00:01]} 9. Rxd2 {[%emt 0:00:00]} Bxc3 {[%emt 0:00:01]} 10. bxc3 {[%emt 0:00:01]} Nd7 {[%emt 0:00:00]} 11. f4 {[%emt 0:00:01]} Ngf6 {[%emt 0:00:02]} 12. Nf3 {[%emt 0:00:00]} Nxe4 {[%emt 0:00:01]} 13. Re2 {[%emt 0:00:01]} f5 {[%emt 0:00:01]} 14. Kc2 {[%emt 0:00:02]} Ndc5 {[%emt 0:00:01]} 15. Nd4 {[%emt 0:00:02]} Bd7 {[%emt 0:00:01]} 16. g3 {[%emt 0:00:01]} Kf7 {[%emt 0:00:01]} 17. Bg2 {[%emt 0:00:01]} g5 {[%emt 0:00:03]} 18. fxg5 {[%emt 0:00:01]} hxg5 {[%emt 0:00:00]} 19. Bxe4 {[%emt 0:00:02]} Nxe4 {[%emt 0:00:00]} 20. Rxe4 {[%emt 0:00:01]} fxe4 {[%emt 0:00:01]} 21. Bxg5 {[%emt 0:00:01]} e5 {[%emt 0:00:02]} 22. Ne2 {[%emt 0:00:02]} Kg6 {[%emt 0:00:01]} 23. Rf1 {[%emt 0:00:00]} Kxg5 {[%emt 0:00:02]} 24. h3 {[%emt 0:00:01]} Rxh3 {[%emt 0:00:01]} 25. Rf8 {[%emt 0:00:02]} Rxf8 {[%emt 0:00:02] Fischer_11 gibt auf Fischer_11 gibt auf Fischer_11 gibt auf (Lag: Av=0.64s, max=1.9s) (Lag: Av=0.64s, max=1.9s) (Lag: Av=0.64s, max=1.9s)} 0-1

[Event "418 Stay Safe Play From Home series"]
[Site "Emanuel Lasker Arena"]
[Date "2020.08.28"]
[Round "9"]
[White "Yuriko"]
[Black "NTBT_DHS"]
[Result "0-1"]
[WhiteElo "2030"]
[BlackElo "2579"]
[PlyCount "58"]
[EventDate "2020.08.28"]
[EventType "swiss (blitz)"]

1. d4 {[%emt 0:00:01]} g6 {[%emt 0:00:00]} 2. c4 {[%emt 0:00:00]} Bg7 {[%emt 0:00:00]} 3. Nc3 {[%emt 0:00:00]} Nf6 {[%emt 0:00:00]} 4. d5 {[%emt 0:00:00]} O-O {[%emt 0:00:01]} 5. e4 {[%emt 0:00:00]} c6 {[%emt 0:00:00]} 6. Nf3 {[%emt 0:00:00]} d6 {[%emt 0:00:01]} 7. Be2 {[%emt 0:00:01]} e5 {[%emt 0:00:00]} 8. O-O {[%emt 0:00:01]} Na6 {[%emt 0:00:00]} 9. Re1 {[%emt 0:00:01]} Nc5 {[%emt 0:00:01]} 10. Bf1 {[%emt 0:00:00]} cxd5 {[%emt 0:00:00]} 11. cxd5 {[%emt 0:00:01]} a6 {[%emt 0:00:01]} 12. b4 {[%emt 0:00:02]} Ncd7 {[%emt 0:00:00]} 13. a3 {[%emt 0:00:01]} Nb6 {[%emt 0:00:02]} 14. Bb2 {[%emt 0:00:01]} Bd7 {[%emt 0:00:00]} 15. Rc1 {[%emt 0:00:01]} Rc8 {[%emt 0:00:01]} 16. Qb3 {[%emt 0:00:01]} Nh5 {[%emt 0:00:02]} 17. Nd2 {[%emt 0:00:01]} f5 {[%emt 0:00:02]} 18. a4 {[%emt 0:00:00]} Nf4 {[%emt 0:00:02]} 19. a5 {[%emt 0:00:03]} Na8 {[%emt 0:00:00]} 20. Ncb1 {[%emt 0:00:06]} Nc7 {[%emt 0:00:01]} 21. g3 {[%emt 0:00:02]} Nh5 {[%emt 0:00:01]} 22. Qe3 {[%emt 0:00:01]} Nb5 {[%emt 0:00:01]} 23. Nc3 {[%emt 0:00:01]} Nd4 {[%emt 0:00:01]} 24. Nf3 {[%emt 0:00:04]} f4 {[%emt 0:00:01]} 25. Qd3 {[%emt 0:00:03]} Nxf3+ {[%emt 0:00:02]} 26. Qxf3 {[%emt 0:00:01]} fxg3 {[%emt 0:00:00]} 27. Qg2 {[%emt 0:00:01]} gxf2+ {[%emt 0:00:00]} 28. Kh1 {[%emt 0:00:01]} fxe1=Q {[%emt 0:00:00]} 29. Rxe1 {[%emt 0:00:01]} Nf4 {[%emt 0:00:01] Yuriko resigns Yuriko resigns Yuriko resigns (Lag: Av=0.52s, max=1.1s) (Lag: Av=0.52s, max=1.1s) (Lag: Av=0.52s, max=1.1s)} 0-1

[Event "418 Stay Safe Play From Home series"]
[Site "Emanuel Lasker Arena"]
[Date "2020.08.28"]
[Round "9"]
[White "Schachwerk_64"]
[Black "W Nelles"]
[Result "1-0"]
[WhiteElo "1979"]
[BlackElo "1255"]
[Annotator "NA"]
[PlyCount "61"]
[EventDate "2020.08.28"]
[EventType "swiss (blitz)"]

1. g3 {[%emt 0:00:01]} e5 {[%emt 0:00:01]} 2. Bg2 {[%emt 0:00:00]} Nf6 {[%emt 0:00:01]} 3. d3 {[%emt 0:00:00]} Bc5 {[%emt 0:00:02]} 4. Nd2 {[%emt 0:00:00]} Ng4 {[%emt 0:00:01]} 5. e3 {[%emt 0:00:01]} Qf6 {[%emt 0:00:02]} 6. Qxg4 {[%emt 0:00:02]} d6 {[%emt 0:00:03]} 7. Qf3 {[%emt 0:00:01]} Qxf3 {[%emt 0:00:02]} 8. Ngxf3 {[%emt 0:00:00]} O-O {[%emt 0:00:02]} 9. d4 {[%emt 0:00:00]} exd4 {[%emt 0:00:01]} 10. exd4 {[%emt 0:00:00]} Re8+ {[%emt 0:00:01]} 11. Kf1 {[%emt 0:00:02]} Bb4 {[%emt 0:00:01]} 12. c3 {[%emt 0:00:00]} Bg4 {[%emt 0:00:01]} 13. cxb4 {[%emt 0:00:02]} Nc6 {[%emt 0:00:02]} 14. b3 {[%emt 0:00:07]} Nxb4 {[%emt 0:00:01]} 15. Bb2 {[%emt 0:00:01]} Nd3 {[%emt 0:00:02]} 16. Bc3 {[%emt 0:00:02]} f6 {[%emt 0:00:03]} 17. Rd1 {[%emt 0:00:02]} c5 {[%emt 0:00:03]} 18. Nc4 {[%emt 0:00:02]} cxd4 {[%emt 0:00:04]} 19. Bxd4 {[%emt 0:00:01]} Ne5 {[%emt 0:00:03]} 20. Bxe5 {[%emt 0:00:01]} dxe5 {[%emt 0:00:02]} 21. h3 {[%emt 0:00:00]} Bxf3 {[%emt 0:00:01]} 22. Bxf3 {[%emt 0:00:00]} e4 {[%emt 0:00:01]} 23. Bg4 {[%emt 0:00:02]} Rad8 {[%emt 0:00:04]} 24. Kg2 {[%emt 0:00:02]} Rxd1 {[%emt 0:00:02]} 25. Rxd1 {[%emt 0:00:00]} g6 {[%emt 0:00:01]} 26. Be2 {[%emt 0:00:05]} f5 {[%emt 0:00:01]} 27. Rd7 {[%emt 0:00:01]} Rc8 {[%emt 0:00:04]} 28. Nd6 {[%emt 0:00:02]} Rc2 {[%emt 0:00:02]} 29. Bc4+ {[%emt 0:00:01]} Kf8 {[%emt 0:00:02]} 30. Rf7+ {[%emt 0:00:03]} Kg8 {[%emt 0:00:02]} 31. Rxf5+ {[%emt 0:00:03] Zeit Zeit Zeit (Lag: Av=0.56s, max=1.2s) (Lag: Av=0.56s, max=1.2s) (Lag: Av=0.56s, max=1.2s)} 1-0